| 000 | 01202nam a22002775a 4500 | ||
|---|---|---|---|
| 999 |
_c8030 _d8030 |
||
| 003 | EG-ScBUE | ||
| 005 | 20191228104443.0 | ||
| 008 | 101110s1967 ua a f b 000 0 ara d | ||
| 040 |
_aEG-SCBUE _bara _erda _cEG-SCBUE _dEG-SCBUE |
||
| 043 | _af-ua--- | ||
| 082 | 0 | 4 |
_a492.770962 _bم ط ر _222 |
| 100 | 1 |
_aمطر، عبد العزيز، _eمؤلف. _921122 |
|
| 245 | 1 | 0 |
_aلهجة البدو : _bفي إقليم ساحل مريوط : دراسة لغوية / _cتأليف الدكتور عبد العزيز مطر، المدرس بكلية البنات بجامعة عين شمس. |
| 264 | 1 |
_aالقاهرة : _bدار الكاتب العربي للطباعة والنشر، _c1967. |
|
| 300 |
_a361 صفحة : _bإيضاحيات ؛ _c32 سم. |
||
| 336 |
_2rdacontent _aنص _btxt |
||
| 337 |
_2rdamedia _aبدون وسيط _bn |
||
| 338 |
_2rdacarrier _aمجلد _bnc |
||
| 490 | 0 |
_aالمكتبة العربية ؛ _v54. _aالتأليف ؛ _v38 |
|
| 504 | _aيشتمل على إرجاعات ببليوجرافية. | ||
| 590 | _aSHIMAA HISHAM | ||
| 650 | 7 |
_aاللغة العربية _xاللهجات _zمصر _2BUEsh _921128 |
|
| 653 |
_bGGEN _cDecember2019 |
||
| 655 | _vReading book | ||
| 942 | _2ddc | ||